Trampoline-The Unlikely Candidates (all lyrics) - Statistics

General Stats
  • This quiz has been taken 3 times
  • The average score is 222 of 360
Answer Stats
Lyrics % Correct
a
100%
A
100%
and
100%
And
100%
do
100%
go
100%
I
100%
if
100%
I'm
100%
in
100%
into
100%
it
100%
it's
100%
its
100%
me
100%
my
100%
My
100%
of
100%
on
100%
one
100%
the
100%
They
100%
your
100%
again
50%
a-just
50%
all
50%
anew
50%
as
50%
at
50%
back
50%
be
50%
beat
50%
beds
50%
been
50%
begin
50%
Begin
50%
being
50%
best
50%
breathed
50%
bright
50%
burning
50%
but
50%
by
50%
call
50%
can
50%
care
50%
close
50%
cold
50%
Come
50%
confessed
50%
consciousness
50%
could
50%
covered
50%
crazy
50%
cured
50%
dance
50%
dead
50%
degenerative
50%
despise
50%
dirt
50%
disease
50%
disposable
50%
dizzy
50%
does
50%
doldrums
50%
down
50%
down,
50%
dream
50%
dreams
50%
drum
50%
drunken
50%
each
50%
eager
50%
end
50%
Eternal
50%
Everybody's
50%
exchange
50%
eyes
50%
face
50%
favorite
50%
feel
50%
felt
50%
find
50%
for
50%
forgot
50%
Forgotten
50%
game
50%
glare
50%
guess
50%
hand
50%
happy,
50%
hear
50%
heat
50%
Her
50%
home
50%
honest
50%
How
50%
hurt
50%
icy
50%
I'll
50%
insane
50%
Is
50%
I've
50%
just
50%
kids,
50%
led
50%
lies
50%
Life's
50%
like
50%
lily
50%
Live
50%
living
50%
look
50%
love
50%
lovers
50%
making
50%
many
50%
Maybe
50%
mind
50%
muse
50%
naked
50%
name
50%
never
50%
new
50%
newborn's
50%
night
50%
not
50%
Not
50%
now
50%
Oh,
50%
old
50%
other
50%
out
50%
people
50%
pouring
50%
pretending
50%
pulled
50%
pure,
50%
rain
50%
rewind
50%
rusted
50%
same
50%
scream
50%
see
50%
shakes
50%
She
50%
skin
50%
smiles
50%
So
50%
softly
50%
spotless
50%
stare
50%
start
50%
sting
50%
Strip
50%
summer
50%
sun
50%
sunshine
50%
take
50%
that
50%
That
50%
their
50%
they're
50%
thing
50%
things
50%
this
50%
those
50%
through
50%
tired
50%
to
50%
trampoline
50%
Trampoline,
50%
Trampoline
50%
turn
50%
unlearn?
50%
up,
50%
Used
50%
Walking
50%
want
50%
We
50%
we
50%
who
50%
window
50%
Wish
50%
with
50%
world
50%
years
50%
Young
50%
believe
0%
dark
0%
denial
0%
filters
0%
mess
0%
These
0%
these
0%
unhappiness
0%
walked
0%
No matching quizzes found
Score Distribution
Percent of People with Each Score
Percentile by Number Answered
Your Score History
You have not taken this quiz